| 000 | 00942nam a2200301 a 4500 | ||
|---|---|---|---|
| 001 | 527 | ||
| 003 | BD-RjUL | ||
| 005 | 20211208233208.0 | ||
| 008 | 131118r20082006ne a b 001 0 eng d | ||
| 020 | _a9780126208627 | ||
| 020 | _a012620862X | ||
| 035 | _a(BD-RjUL) 544 | ||
| 040 |
_aDLC _cDLC _dDLC _dBD-RjUL _beng |
||
| 041 | _aeng | ||
| 082 | 0 | 0 |
_a005.746 _222 _bSAI |
| 100 | 1 |
_aSayood, Khalid. _91063 |
|
| 245 | 1 | 0 |
_aIntroduction to data compression / _cKhalid Sayood. |
| 250 | _a3rd ed. | ||
| 260 |
_aAmsterdam ; _aBoston : _bElsevier, _cc2006[reprinted 2007, 2008]. |
||
| 300 |
_axxii, 680 p. : _bill. ; _c24 cm. |
||
| 504 | _aIncludes bibliographical references and index. | ||
| 650 | 0 |
_aData compression (Telecommunication) _91064 |
|
| 650 | 0 |
_aCoding theory. _91065 |
|
| 942 |
_2ddc _cBK |
||
| 999 |
_c527 _d527 |
||